[Event "World Amateur-ch U1700 (Women)"]
[Site "Muscat"]
[Date "2023.11.05"]
[Round "4"]
[White "Al Ghafri, Alanoud"]
[Black "Rani, Puja"]
[Result "0-1"]
[WhiteElo "1295"]
[BlackElo "1226"]
[PlyCount "96"]
[EventDate "2023.11.02"]
[EventType "swiss"]
[EventRounds "9"]
[EventCountry "OMN"]
[SourceTitle "CB47_2023"]
[SourceDate "2023.11.22"]
[SourceVersion "1"]
[SourceVersionDate "2023.11.22"]
[SourceQuality "1"]

1. e4 e5 2. Nf3 Nc6 3. Bc4 Bc5 4. c3 Nf6 5. d4 exd4 6. b4 Be7 7. e5 Ne4 8. b5 Na5 9. Bd3 Nxc3 10. Nxc3 dxc3 11. Qa4 b6 12. Qg4 g6 13. Bh6 d5 14. Qd4 Bb7 15. 0-0 Bc5 16. Qxc3 d4 17. Qd2 Bxf3 18. gxf3 Qd7 19. Qf4 0-0-0 20. Rac1 Kb8 21. Qd2 Be7 22. Bf4 Qe6 23. Be4 g5 24. Qc2 Bc5 25. Bd2 Qxe5 26. f4 gxf4 27. Rfe1 d3 28. Bxd3 Qd4 29. Bxa5 Qxd3 30. Qxd3 Rxd3 31. Bc3 Rg8+ 32. Kf1 Rh3 33. Be5 Rxh2 34. Rxc5 Rh1+ 35. Ke2 Rxe1+ 36. Kxe1 bxc5 37. Bxf4 Rg4 38. Be3 Re4 39. Kd2 Rxe3 40. fxe3 Kb7 41. Ke2 Kb6 42. a4 Ka5 43. Kf3 Kxa4 44. Kf4 c4 45. Kf5 c3 46. Kf6 c2 47. Kxf7 c1Q 48. e4 Qf4+ 0-1

[Event "World Amateur-ch U1700 (Women)"]
[Site "Muscat"]
[Date "2023.11.04"]
[Round "3"]
[White "Asudani, Ruhani Raj"]
[Black "Al Ghafri, Alanoud"]
[Result "1-0"]
[WhiteElo "1576"]
[BlackElo "1295"]
[PlyCount "121"]
[EventDate "2023.11.02"]
[EventType "swiss"]
[EventRounds "9"]
[EventCountry "OMN"]
[SourceTitle "CB47_2023"]
[SourceDate "2023.11.22"]
[SourceVersion "1"]
[SourceVersionDate "2023.11.22"]
[SourceQuality "1"]

1. d4 d5 2. c4 e6 3. cxd5 exd5 4. Nc3 Nf6 5. Bg5 Be7 6. e3 0-0 7. Bd3 c6 8. Qc2 h6 9. Bh4 Re8 10. Nf3 Nbd7 11. 0-0 Ne4 12. Bxe4 Bxh4 13. Bd3 Nf8 14. b4 a6 15. a4 Bf6 16. b5 axb5 17. axb5 Rxa1 18. Rxa1 Bg4 19. Be2 Qc8 20. bxc6 bxc6 21. Rc1 Qf5 22. Qa4 Re6 23. Nd1 Ng6 24. Nb2 Bxf3 25. Bxf3 Nh4 26. Be2 Qg5 27. g3 Rxe3 28. Rc2 Re6 29. f4 Qg6 30. Nd3 Nf5 31. Ne5 Bxe5 32. fxe5 Ne3 33. Rd2 Re8 34. Kf2 Ng4+ 35. Bxg4 Qxg4 36. Qxc6 Qf5+ 37. Ke1 Qb1+ 38. Ke2 Qe4+ 39. Kd1 Qb1+ 40. Qc1 Qxc1+ 41. Kxc1 Rc8+ 42. Rc2 Rxc2+ 43. Kxc2 Kf8 44. Kc3 Ke7 45. Kb4 Ke6 46. Kc5 g6 47. Kc6 h5 48. Kc5 g5 49. Kc6 Kf5 50. Kxd5 Kg4 51. Kc6 Kh3 52. d5 h4 53. d6 Kxh2 54. gxh4 gxh4 55. d7 h3 56. d8Q Kg1 57. Qg5+ Kh2 58. Qf4+ Kg2 59. Qxf7 h2 60. Qa2+ Kg3 61. Qxh2+ 1-0

[Event "Olympiad Women-44"]
[Site "Chennai"]
[Date "2022.08.02"]
[Round "5.2"]
[White "Almanzar Vasquez, Jennifer Maria"]
[Black "Al Ghafri, Alanoud"]
[Result "1-0"]
[WhiteElo "1762"]
[BlackElo "1259"]
[PlyCount "87"]
[EventDate "2022.07.29"]
[EventType "team-swiss"]
[EventRounds "11"]
[EventCountry "IND"]
[SourceTitle "CBM 210"]
[Source "ChessBase"]
[SourceDate "2022.10.31"]
[SourceVersion "1"]
[SourceVersionDate "2022.10.31"]
[SourceQuality "1"]
[WhiteTeam "Dominican Republic (W)"]
[BlackTeam "Oman (W)"]
[WhiteTeamCountry "DOM"]
[BlackTeamCountry "OMN"]

1. e4 e5 2. Nf3 Nc6 3. d4 exd4 4. Nxd4 Bc5 5. Nb3 Bb6 6. Nc3 d6 7. Qe2 Nf6 8. Bg5 Ne5 9. Nd5 Ned7 10. 0-0-0 0-0 11. f3 c6 12. Nxf6+ Nxf6 13. e5 Re8 14. Rxd6 Qxd6 15. exd6 Rxe2 16. Bxe2 Nd5 17. c4 Be3+ 18. Bxe3 Nxe3 19. Nc5 b6 20. d7 Bxd7 21. Nxd7 f6 22. Kd2 Nxg2 23. Nxf6+ gxf6 24. Rg1 Kf7 25. Rxg2 Rd8+ 26. Bd3 h6 27. Kc3 Rd7 28. Be4 c5 29. Bd5+ Ke7 30. Rg6 h5 31. h4 Kf8 32. Rxf6+ Kg7 33. Rf5 Kg6 34. Rg5+ Kh6 35. f4 Re7 36. Kd2 Re8 37. f5 Rf8 38. Be6 Rf6 39. Rg8 Kh7 40. Ra8 Kh6 41. Ke3 Kg7 42. Kf4 Rf8 43. Rxf8 Kxf8 44. Kg5 1-0

[Event "Olympiad Women-44"]
[Site "Chennai"]
[Date "2022.07.29"]
[Round "1.2"]
[White "Al Ghafri, Alanoud"]
[Black "Munkhzul, Turmunkh"]
[Result "0-1"]
[WhiteElo "1259"]
[BlackElo "2277"]
[PlyCount "58"]
[EventDate "2022.07.29"]
[EventType "team-swiss"]
[EventRounds "11"]
[EventCountry "IND"]
[SourceTitle "CBM 210"]
[Source "ChessBase"]
[SourceDate "2022.10.31"]
[SourceVersion "1"]
[SourceVersionDate "2022.10.31"]
[SourceQuality "1"]
[WhiteTeam "Oman (W)"]
[BlackTeam "Mongolia (W)"]
[WhiteTeamCountry "OMN"]
[BlackTeamCountry "MGL"]

1. e4 c5 2. b3 d6 3. Nf3 Nf6 4. Nc3 g6 5. Bd3 Bg7 6. 0-0 0-0 7. h3 Nc6 8. Bb2 Nh5 9. Rb1 e5 10. Ne2 Nb4 11. Bc4 Be6 12. Bxe6 fxe6 13. a3 Nc6 14. d3 Qe7 15. Qd2 Nf4 16. Nxf4 Rxf4 17. Qe2 Raf8 18. Bc1 Rxf3 19. gxf3 Nd4 20. Qe3 Rf4 21. Qxf4 exf4 22. Bxf4 Ne2+ 23. Kh2 Nxf4 24. Rg1 Be5 25. Kh1 Qh4 26. Rg2 Qxh3+ 27. Rh2 Qxf3+ 28. Kg1 Ne2+ 29. Kf1 Bxh2 0-1

[Event "Online Olym Div4 C"]
[Site "Chess.com INT"]
[Date "2020.08.01"]
[Round "4.3"]
[White "Namangale, Susan"]
[Black "Al Ghafri, Alanoud"]
[Result "1-0"]
[WhiteElo "1343"]
[BlackElo "1259"]
[PlyCount "73"]
[EventDate "2020.07.31"]
[EventType "team-tourn (rapid)"]
[EventRounds "9"]
[EventCountry "USA"]
[SourceTitle "CBM 198"]
[Source "ChessBase"]
[SourceDate "2020.10.31"]
[SourceVersion "1"]
[SourceVersionDate "2020.10.31"]
[SourceQuality "1"]
[WhiteTeam "Malawi"]
[BlackTeam "Oman"]
[WhiteTeamCountry "MWI"]
[BlackTeamCountry "OMN"]

1. d4 d5 2. Nf3 Bf5 3. g3 e6 4. Bg2 Nc6 5. 0-0 Nf6 6. Nc3 Nb4 7. h3 Nxc2 8. e4 dxe4 9. Ne5 Nxa1 10. Bg5 h6 11. Bxf6 gxf6 12. Nc4 Bb4 13. Nxe4 Rg8 14. Qa4+ c6 15. Qxb4 Nc2 16. Qxb7 Nxd4 17. Ncd6+ Qxd6 18. Nxd6+ Kd8 19. Qxa8+ Kd7 20. Qxg8 Kxd6 21. Qxf7 Ke5 22. Re1+ Kd6 23. Qxf6 c5 24. g4 Bd3 25. Qf8+ Kd7 26. Qxc5 Ne2+ 27. Kh2 Nf4 28. Rd1 Ke8 29. Qc6+ Kf7 30. Qc7+ Kf6 31. Qxf4+ Ke7 32. Rxd3 a5 33. Qc7+ Kf6 34. f4 Kg6 35. Be4+ Kf6 36. Qd8+ Kf7 37. Rd7# 1-0